OL : 11 du XXIème siècle - Statistiques

Statistiques générales
  • Ce quiz a été pris 427 fois
  • Le résultat moyen est 11 sur 16
Statistiques - réponses
Poste Nationalité Années au club Joueurs % Correct
Buteur Français 2010-2017/2022 Alexandre Lacazette
94%
Remplaçant (Gardien) Français/Portugais 2012-2024 Anthony Lopes
91%
Milieu Central Brésilien 2001-2009 Juninho Pernambucano
91%
Milieu Central Français 2013-2017/2022- Corentin Tolisso
89%
Buteur Français 2005-2009 Karim Benzema
85%
Gardien Français 1997-2008 Grégory Coupet
84%
Remplaçant (Attaquant) Argentin 2009-2013 Lisandro Lopez
78%
Milieu Central Ghanéen 2003-2005 Michael Essien
78%
Défenseur Central Brésilien 2004-2012 Cris
76%
Remplaçant (Milieu Offensif) Français 2013-2019 Nabil Fékir
73%
Ailier Gauche Français 1999-2010 Sidney Govou
67%
Défenseur Droit Français 2003-2013 Anthony Réveillère
57%
Défenseur Gauche Français 2004-2007 Eric Abidal
45%
Défenseur Central Brésilien 2000-2007 Claudio Caçapa
39%
Entraîneur Français 2005-2007 Gérard Houllier
28%
Remplaçant (Défenseur) Brésilien 2000-2004 Edmilson
19%
Aucun quiz correspondant
Distribution des résultats
% des personnes avec chaque résultat
Percentile par nombre de réponses
Votre historique - résultats
Vous n’avez pas pris ce quiz